000 00558nam a2200193Ia 4500
005 20250508163442.0
008 008 250505s9999 xx 000 0 eng d
037 _aDissertations
040 _aFEDL
_beng
_cFEDL
041 _aeng
_2eng
084 _a371.1, SAT/DI
_qFEDL
100 _aSatnam Singh
_9533784
245 0 _aRole tensions of married women teachers in Delhi schools
260 _c1991
300 _aix,106p.
546 _aM. Ed. Dissertation (Delhi University)
942 _cDIS
_h371.1, SAT/DI
999 _c1383343
_d1383343